000 00301nam a2200121 i 4500
001 bg
245 0 _aProbleme und Ergebnisse der Realstrukturanalyse an thermomechanisch...
260 _aLeipzig,
_c1980.
040 _cBPK
041 _apol
942 _cKS
008 s pl f |000 0 pol
999 _c21175
_d21175
856 _uhttp://koha.tu.koszalin.pl/cgi-bin/koha/opac-detail.pl?biblionumber=21175
_yKatalog online BPK